Làng nghề và những nghề thủ công truyền thống ở Bắc Giang

Nội dung sách bao gồm 2 phần: Phần I: Những làng nghề thủ công truyền thống Bắc Giang; Phần II: Những nghề thủ công truyền thống ở Bắc Giang.

Guardat en:
Dades bibliogràfiques
Autor principal: Nguyễn, Thu Minh
Format: Llibre
Idioma:Undetermined
Publicat: Hà Nội Văn hóa Thông tin 2010
Matèries:
Etiquetes: Afegir etiqueta
Sense etiquetes, Sigues el primer a etiquetar aquest registre!
Thư viện lưu trữ: Trung tâm Học liệu Trường Đại học Cần Thơ
LEADER 00891nam a2200205Ia 4500
001 CTU_164032
008 210402s9999 xx 000 0 und d
082 |a 745.1597 
082 |b M312 
100 |a Nguyễn, Thu Minh 
245 0 |a Làng nghề và những nghề thủ công truyền thống ở Bắc Giang 
245 0 |c Nguyễn Thu Minh, Trần Văn Lạng 
260 |a Hà Nội 
260 |b Văn hóa Thông tin 
260 |c 2010 
520 |a Nội dung sách bao gồm 2 phần: Phần I: Những làng nghề thủ công truyền thống Bắc Giang; Phần II: Những nghề thủ công truyền thống ở Bắc Giang. 
650 |a Folk art,Nghệ thuật truyền thống 
650 |z Vietnam,Việt Nam 
904 |i HPTVi,Qhieu 
980 |a Trung tâm Học liệu Trường Đại học Cần Thơ